European Countries with Fewer than One Million People - Statistics

General Stats
  • This quiz has been taken 3,600 times
  • The average score is 8 of 9
Answer Stats
Population Country % Correct
800 Vatican City
100%
38,250 Liechtenstein
98%
34,017 San Marino
98%
77,355 Andorra
97%
39,511 Monaco
97%
633,711 Luxembourg
96%
442,607 Malta
94%
343,088 Iceland
85%
628,053 Montenegro
77%
No matching quizzes found
Score Distribution
Percent of People with Each Score
Percentile by Number Answered
Your Score History
You have not taken this quiz